<?xml version="1.0" encoding="UTF-8"?>
<collection xmlns="http://www.loc.gov/MARC21/slim">
 <record>
  <leader>00522nam a22001455a 4500</leader>
  <controlfield tag="001">EUN.um059391</controlfield>
  <controlfield tag="008">041125s1934####cl############000#0#spa#d</controlfield>
  <controlfield tag="005">20260414092855.0</controlfield>
  <datafield tag="245" ind1="1" ind2="0">
   <subfield code="a">Rockefeller :</subfield>
   <subfield code="b">rey del petróleo, el hombre más rico del mundo /</subfield>
   <subfield code="c">R. Courau. Traducción de Víctor Silva Joacham.</subfield>
  </datafield>
  <datafield tag="260" ind1=" " ind2=" ">
   <subfield code="a">Santiago de Chile :</subfield>
   <subfield code="b">Ercilla,</subfield>
   <subfield code="c">1934.</subfield>
  </datafield>
  <datafield tag="300" ind1=" " ind2=" ">
   <subfield code="a">158 p.</subfield>
  </datafield>
  <datafield tag="100" ind1="1" ind2=" ">
   <subfield code="a">Courau, R.</subfield>
  </datafield>
  <datafield tag="082" ind1="0" ind2="4">
   <subfield code="a">923</subfield>
  </datafield>
  <datafield tag="653" ind1=" " ind2=" ">
   <subfield code="a">Rockfeller, John D.</subfield>
  </datafield>
  <datafield tag="859" ind1=" " ind2=" ">
   <subfield code="a">AR-BaUNS</subfield>
   <subfield code="b">BIB. CENTRAL - Sector A - Lopez Frances</subfield>
   <subfield code="h">923</subfield>
   <subfield code="i">R59c</subfield>
   <subfield code="p">D1552/965</subfield>
   <subfield code="v">L.F. 337</subfield>
  </datafield>
 </record>
</collection>
